Memoria institucional y acontecer pedagógico 50 Universidad Pedagógica Nacional
Guardat en:
| Autor corporatiu: | |
|---|---|
| Format: | Llibre |
| Idioma: | Spanish |
| Publicat: |
Bogotá (Colombia):
Universidad Pedagógica Nacional,
2009
|
| Matèries: | |
| Accés en línia: | Enlace del recurso |
| Etiquetes: |
Afegir etiqueta
Sense etiquetes, Sigues el primer a etiquetar aquest registre!
|
MARC
| LEADER | 00000nam a22000007a 4500 | ||
|---|---|---|---|
| 003 | OSt | ||
| 005 | 20170915170533.0 | ||
| 008 | 170915b2009 ck ||||| |||| 00| 0 spa d | ||
| 040 | |c CNA-IDEP | ||
| 082 | |a 378.1 |b M356 | ||
| 110 | |a Universidad Pedagógica Nacional |9 328 | ||
| 245 | 1 | 0 | |a Memoria institucional y acontecer pedagógico |b 50 Universidad Pedagógica Nacional |c Jorge Orlando Castro Villarraga |
| 260 | |a Bogotá (Colombia): |b Universidad Pedagógica Nacional, |c 2009 | ||
| 300 | |a 138 p. |b Gráficos, Ilustraciones | ||
| 650 | |a Universidad Pedagógica Nacional |9 328 | ||
| 650 | |a Universidad Pedagógica Nacional |x Historia |9 4685 | ||
| 650 | |a Formación Profesional de Maestros |9 1061 | ||
| 942 | |2 ddc |c BK | ||
| 999 | |c 5516 |d 5516 | ||
| 856 | |u https://catalogo.idep.edu.co/cgi-bin/koha/opac-detail.pl?biblionumber=5516 |z Enlace del recurso | ||